[Event "Quebec op"]
[Site "Montreal CAN"]
[Date "1996.07.28"]
[Round "3"]
[White "Grondin, Jean-Philippe"]
[Black "Morin, Yves"]
[Result "1/2-1/2"]
[WhiteElo "2055"]
[BlackElo "2322"]
[PlyCount "112"]
[EventDate "1996.07.27"]
[EventType "swiss"]
[EventRounds "9"]
[EventCountry "CAN"]

1. e4 e6 2. d4 d5 3. Nc3 dxe4 4. Nxe4 Bd7 5. Nf3 Bc6 6. Bd3 Nf6 7. Nxf6+ gxf6
8. O-O Bxf3 9. Qxf3 c6 10. d5 Qxd5 11. Be4 Qd8 12. Bf4 Nd7 13. Rad1 Be7 14.
Rfe1 Qb6 15. Qh5 Qc5 16. Qf3 Qb6 17. Qh5 Qc5 18. Qf3 h5 19. c3 Ne5 20. Bxe5
fxe5 21. b4 Qb6 22. Bc2 Qc7 23. Qe3 Bf6 24. Bb3 Qb6 25. Qf3 Ke7 26. h3 h4 27.
Rd3 Rad8 28. Red1 a6 29. Rxd8 Rxd8 30. Rxd8 Qxd8 31. Qe3 Kf8 32. Qh6+ Ke7 33.
Qe3 Kf8 34. Qh6+ Bg7 35. Qe3 Kg8 36. Kf1 a5 37. Ke2 axb4 38. cxb4 Bf6 39. Qd3
Qc7 40. Bc2 Kf8 41. Qe3 Kg7 42. Bb3 Be7 43. Qe4 Qd6 44. b5 cxb5 45. Qxb7 b4 46.
Qc8 Bg5 47. Qc4 Qd2+ 48. Kf1 Bd8 49. Qe2 Qd6 50. Qd1 Qe7 51. Qg4+ Kf8 52. Qe4
Bc7 53. Qh7 Qf6 54. Qe4 Bd6 55. Qc6 Be7 56. Qc8+ Kg7 1/2-1/2

[Event "Quebec op"]
[Site "Montreal CAN"]
[Date "1996.07.28"]
[Round "3"]
[White "Leveille, Francois"]
[Black "Gravel, Simon M"]
[Result "1-0"]
[WhiteElo "2331"]
[BlackElo "2230"]
[PlyCount "122"]
[EventDate "1996.07.27"]
[EventType "swiss"]
[EventRounds "9"]
[EventCountry "CAN"]

1. d4 Nf6 2. Nf3 g6 3. Bg5 Ne4 4. Bf4 Bg7 5. Nbd2 d5 6. c3 Nd6 7. e3 O-O 8. h4
h5 9. Ne5 Nd7 10. g4 Nf6 11. gxh5 Nxh5 12. Bh2 Bf5 13. Be2 Nf6 14. Bf4 Nfe4 15.
Nf1 f6 16. Nd3 e5 17. dxe5 fxe5 18. Nxe5 c6 19. f3 Qe7 20. fxe4 Bxe4 21. Nxg6
Bxg6 22. Bxd6 Qxd6 23. Bd3 Rae8 24. Bxg6 Qxg6 25. Qe2 d4 26. cxd4 c5 27. dxc5
Qe4 28. Rh3 Qb4+ 29. Nd2 Rf7 30. Qc4 Qxb2 31. Rb1 Qd4 32. Ke2 Kf8 33. Qxd4 Bxd4
34. Nb3 Bg7 35. Rd1 Bh6 36. Rd6 Kg7 37. Nd4 Kh7 38. Kd3 Re5 39. Ne6 Re7 40.
Ng5+ Kg7 41. Rg3 Bxg5 42. Rxg5+ Rxg5 43. hxg5 Kf8 44. Kd4 Rh7 45. Ke5 Rh3 46.
Rd3 Rh2 47. Rd7 Rc2 48. Kf6 Rf2+ 49. Kg6 Rxa2 50. Rxb7 Rc2 51. Rf7+ Ke8 52.
Rxa7 Rxc5 53. Kf6 Rc6+ 54. Kg7 Re6 55. g6 Rxe3 56. Kg8 Rg3 57. g7 Rg1 58. Rf7
Rh1 59. Rf4 Ke7 60. Re4+ Kf6 61. Kf8 Kf5 1-0

[Event "Quebec op"]
[Site "Montreal CAN"]
[Date "1996.07.28"]
[Round "3"]
[White "Linskiy, Oleg"]
[Black "Hua, Lefong"]
[Result "0-1"]
[WhiteElo "2356"]
[BlackElo "2075"]
[PlyCount "148"]
[EventDate "1996.07.27"]
[EventType "swiss"]
[EventRounds "9"]
[EventCountry "CAN"]

1. d4 Nf6 2. Nf3 g6 3. b3 Bg7 4. Bb2 d6 5. g3 O-O 6. Bg2 Nbd7 7. O-O c6 8. c4
Qc7 9. Nc3 e5 10. Qc2 Re8 11. e4 exd4 12. Nxd4 a5 13. Rad1 Nc5 14. Rfe1 Bg4 15.
f3 Bd7 16. Kh1 Rad8 17. a3 Qb6 18. Na2 Ne6 19. Ne2 Bc8 20. b4 Qa6 21. Qb3 axb4
22. axb4 b5 23. cxb5 Qxb5 24. Nac3 Qb8 25. Nc1 Nc7 26. N3e2 Be6 27. Qa4 Nxe4
28. Bxg7 Nf2+ 29. Kg1 Nxd1 30. Bf6 Qb6+ 31. Nd4 Nd5 32. Qxc6 Qa7 33. Rxd1 Nxf6
34. b5 Rc8 35. Qa6 Qxa6 36. bxa6 Bc4 37. a7 Rc7 38. Nce2 Rxa7 39. Nc3 d5 40.
Rd2 Ra1+ 41. Kf2 Ra3 42. Nd1 Nd7 43. g4 Nc5 44. Nb2 Nd3+ 45. Kg3 Ne1 46. Bh3
Ree3 47. Bg2 Nxg2 48. Kxg2 Ra8 49. Kf2 Rea3 50. Nc6 Kf8 51. Kg3 f6 52. h4 Rc8
53. Nd4 Ra1 54. Ne6+ Kf7 55. Nf4 Rg1+ 56. Kh2 Rb1 57. Nd1 Ra8 58. Ne3 Ra3 59.
Nfg2 Rab3 60. Kg3 R1b2 61. Rd4 Rd3 62. Rxd3 Bxd3 63. Nxd5 Bc4 64. Nde3 Bb3 65.
Nf4 Rb1 66. Neg2 Ra1 67. Ne3 Ra3 68. Ne2 Ra8 69. Nf4 Re8 70. Kf2 Ba4 71. Ne2
Bb5 72. Nd4 Bd7 73. Ne2 Be6 74. Nf4 Rc8 0-1

[Event "Quebec op"]
[Site "Montreal CAN"]
[Date "1996.07.28"]
[Round "3"]
[White "Mikanovic, Goran"]
[Black "Moussa, Alaa Eddine"]
[Result "1/2-1/2"]
[WhiteElo "2332"]
[BlackElo "2166"]
[PlyCount "60"]
[EventDate "1996.07.27"]
[EventType "swiss"]
[EventRounds "9"]
[EventCountry "CAN"]

1. d4 Nf6 2. c4 e6 3. Nf3 b6 4. g3 Ba6 5. b3 Bb4+ 6. Bd2 Be7 7. Bg2 c6 8. Bc3
d5 9. Ne5 Nfd7 10. Nxd7 Nxd7 11. Nd2 O-O 12. O-O Rb8 13. e4 dxc4 14. bxc4 b5
15. Re1 Nb6 16. cxb5 cxb5 17. Rb1 Qd7 18. Nb3 Na4 19. Ba1 Rfc8 20. Qg4 Nc3 21.
Bxc3 Rxc3 22. Rbd1 Rd8 23. e5 Qc8 24. d5 exd5 25. e6 Kh8 26. Bxd5 fxe6 27. Bxe6
Rxd1 28. Rxd1 Qf8 29. Qe4 Rc7 30. Bd5 Bf6 1/2-1/2

[Event "Quebec op"]
[Site "Montreal CAN"]
[Date "1996.07.28"]
[Round "3"]
[White "Ross, Dave"]
[Black "Spraggett, Kevin"]
[Result "1/2-1/2"]
[WhiteElo "2323"]
[BlackElo "2584"]
[PlyCount "22"]
[EventDate "1996.07.27"]
[EventType "swiss"]
[EventRounds "9"]
[EventCountry "CAN"]

1. d4 Nf6 2. Nf3 d6 3. c4 c6 4. Nc3 Nbd7 5. g3 e5 6. Bg2 Be7 7. O-O O-O 8. Qc2
Re8 9. Rd1 Qc7 10. b3 Bf8 11. e4 b5 1/2-1/2

[Event "Quebec op"]
[Site "Montreal CAN"]
[Date "1996.07.28"]
[Round "3"]
[White "Wojtkiewicz, Aleksander"]
[Black "Wenaas, Eric"]
[Result "1-0"]
[WhiteElo "2550"]
[BlackElo "2033"]
[PlyCount "47"]
[EventDate "1996.07.27"]
[EventType "swiss"]
[EventRounds "9"]
[EventCountry "CAN"]

1. Nf3 Nf6 2. c4 e6 3. g3 d5 4. Bg2 Be7 5. d4 O-O 6. Qc2 c6 7. O-O Nbd7 8. b3
Ne4 9. Bb2 f5 10. Nbd2 Qe8 11. Ne1 Qh5 12. f3 Nxd2 13. Qxd2 Nf6 14. Nd3 g5 15.
a4 Bd7 16. Ba3 Bxa3 17. Rxa3 h6 18. Qb4 Rab8 19. Qa5 a6 20. Qc7 Qe8 21. a5 Qd8
22. Qe5 Rc8 23. Nc5 Qc7 24. Ra4 1-0

[Event "Quebec op"]
[Site "Montreal CAN"]
[Date "1996.07.29"]
[Round "4"]
[White "Clement, Michel"]
[Black "Proulx, Denis"]
[Result "1-0"]
[WhiteElo "1994"]
[BlackElo "1866"]
[PlyCount "133"]
[EventDate "1996.07.27"]
[EventType "swiss"]
[EventRounds "9"]
[EventCountry "CAN"]

1. e4 c5 2. Nf3 d6 3. d4 cxd4 4. Nxd4 Nf6 5. Nc3 a6 6. Bg5 e6 7. f4 Nbd7 8. Qf3
Qc7 9. O-O-O b5 10. Bxb5 axb5 11. Ndxb5 Qb8 12. e5 Bb7 13. Qe2 dxe5 14. Qc4 Bc5
15. Bxf6 gxf6 16. Rhe1 Qc8 17. Kb1 Bxg2 18. Rg1 Nb6 19. Qe2 Bd5 20. fxe5 Qc6
21. Nxd5 Nxd5 22. Rg3 fxe5 23. Qxe5 O-O-O 24. Rb3 f6 25. Qe2 Nf4 26. Qf1 Rxd1+
27. Qxd1 Rd8 28. Qf1 Ne2 29. a3 Nd4 30. Nxd4 Rxd4 31. Qxf6 Rd1+ 32. Ka2 Qd5 33.
Qh8+ Kd7 34. Qxh7+ Kd6 35. Qg8 Rd2 36. Qb8+ Ke7 37. Qb7+ Kf6 38. Qb8 Rxc2 39.
Qf4+ Ke7 40. Qc7+ Kf6 41. Qf4+ Qf5 42. Qh4+ Ke5 43. Qh8+ Ke4 44. Qh4+ Kd5 45.
Qd8+ Kc4 46. Qh4+ Kd5 47. Qd8+ Kc4 48. Qh4+ Kd5 49. Qd8+ Bd6 50. Qa8+ Kd4 51.
Qa4+ Rc4 52. Qa7+ Qc5 53. Qg7+ e5 54. Qg1+ Kd5 55. Qg8+ Kc6 56. Qe8+ Kc7 57.
Rb8 Be7 58. Rc8+ Kd6 59. Rxc5 Rxc5 60. Qg6+ Kd5 61. Qd3+ Kc6 62. h4 Rd5 63.
Qc4+ Kd6 64. h5 Rd4 65. Qa6+ Kd5 66. h6 Rh4 67. h7 1-0

[Event "Quebec op"]
[Site "Montreal CAN"]
[Date "1996.07.29"]
[Round "4"]
[White "Gravel, Simon M"]
[Black "Mikanovic, Goran"]
[Result "1-0"]
[WhiteElo "2230"]
[BlackElo "2332"]
[PlyCount "95"]
[EventDate "1996.07.27"]
[EventType "swiss"]
[EventRounds "9"]
[EventCountry "CAN"]

1. e4 c5 2. Nf3 d6 3. d4 cxd4 4. Nxd4 Nf6 5. Nc3 a6 6. Be3 Ng4 7. Bg5 h6 8. Bh4
g5 9. Bg3 Bg7 10. Qd2 Nc6 11. Nf3 Nge5 12. Nxe5 Nxe5 13. h4 g4 14. Nd5 Be6 15.
Bf4 Rc8 16. c3 Nc4 17. Bxc4 Rxc4 18. Qd3 b5 19. O-O O-O 20. Qe3 Kh7 21. Rad1 f5
22. exf5 Bxf5 23. Bg3 Re4 24. Qd2 e6 25. Ne3 d5 26. Rfe1 Bg6 27. Nc2 Qb6 28.
Nd4 e5 29. h5 Rxe1+ 30. Rxe1 Be4 31. Nc2 Qe6 32. Ne3 Bf6 33. Qd1 Rg8 34. a4 Be7
35. axb5 axb5 36. Qb3 Rb8 37. Nc2 Qf5 38. Nb4 Bxb4 39. Qxb4 Qe6 40. c4 Qc6 41.
Qe7+ Kg8 42. Bxe5 Rb7 43. Qd8+ Kf7 44. cxd5 Qxd5 45. Qf6+ Kg8 46. Rc1 Bc2 47.
Kh2 g3+ 48. fxg3 1-0

[Event "Quebec op"]
[Site "Montreal CAN"]
[Date "1996.07.29"]
[Round "4"]
[White "Hua, Lefong"]
[Black "Boudy Bueno, Julio"]
[Result "1/2-1/2"]
[WhiteElo "2075"]
[BlackElo "2280"]
[PlyCount "46"]
[EventDate "1996.07.27"]
[EventType "swiss"]
[EventRounds "9"]
[EventCountry "CAN"]

1. d4 Nf6 2. c4 c5 3. d5 e5 4. Nc3 d6 5. e4 Be7 6. Bd3 O-O 7. Nge2 Ne8 8. f3
Kh8 9. O-O g6 10. g4 Bg5 11. Bxg5 Qxg5 12. Qc1 Qe7 13. Ng3 Nd7 14. Rb1 Qh4 15.
Kh1 a6 16. a3 Ng7 17. Rg1 a5 18. b3 Nf6 19. Qd2 Ng8 20. Nb5 Qe7 21. b4 axb4 22.
axb4 b6 23. Ra1 Bd7 1/2-1/2

[Event "Quebec op"]
[Site "Montreal CAN"]
[Date "1996.07.29"]
[Round "4"]
[White "Larochelle, Martial"]
[Black "Taylor, Gordon"]
[Result "0-1"]
[WhiteElo "2144"]
[BlackElo "2316"]
[PlyCount "74"]
[EventDate "1996.07.27"]
[EventType "swiss"]
[EventRounds "9"]
[EventCountry "CAN"]

1. e4 c5 2. Nf3 Nc6 3. d4 cxd4 4. Nxd4 g6 5. c4 Bg7 6. Be3 Nf6 7. Nc3 O-O 8.
Be2 d6 9. O-O Bd7 10. Qd2 Nxd4 11. Bxd4 Bc6 12. f3 a5 13. b3 Nd7 14. Bf2 Nc5
15. Rab1 f5 16. exf5 gxf5 17. Nd5 Bxd5 18. Qxd5+ e6 19. Qd2 Qe7 20. a3 a4 21.
b4 Nb3 22. Qd3 Qf6 23. Rfd1 Rfd8 24. Bb6 Rd7 25. f4 d5 26. Qe3 d4 27. Qf2 e5
28. c5 e4 29. Bb5 Qe6 30. Qc2 Kh8 31. Bxd7 Qxd7 32. Rxb3 axb3 33. Qxb3 d3 34.
b5 Qd4+ 35. Kh1 d2 36. Qe6 e3 37. Bc7 Qa4 0-1

[Event "Quebec op"]
[Site "Montreal CAN"]
[Date "1996.07.29"]
[Round "4"]
[White "Vera, Reynaldo"]
[Black "Leveille, Francois"]
[Result "1/2-1/2"]
[WhiteElo "2495"]
[BlackElo "2331"]
[PlyCount "39"]
[EventDate "1996.07.27"]
[EventType "swiss"]
[EventRounds "9"]
[EventCountry "CAN"]

1. d4 d5 2. c4 c6 3. Nc3 Nf6 4. cxd5 cxd5 5. Bf4 Qb6 6. Rc1 Bd7 7. e3 Qxb2 8.
Bd3 e6 9. Nge2 Qa3 10. O-O a6 11. e4 dxe4 12. Nxe4 Be7 13. Rc7 O-O 14. Qb1 Nd5
15. Rxb7 Bb5 16. Bxb5 axb5 17. Qxb5 Ra5 18. Qc4 Qxa2 19. Qxa2 Rxa2 20. N2c3
1/2-1/2

[Event "Quebec op"]
[Site "Montreal CAN"]
[Date "1996.07.30"]
[Round "5"]
[White "Boudy Bueno, Julio"]
[Black "Grondin, Jean-Philippe"]
[Result "1-0"]
[WhiteElo "2280"]
[BlackElo "2055"]
[PlyCount "105"]
[EventDate "1996.07.27"]
[EventType "swiss"]
[EventRounds "9"]
[EventCountry "CAN"]

1. e4 e5 2. Nf3 Nc6 3. Bb5 Nf6 4. O-O d6 5. d4 Nd7 6. dxe5 Ncxe5 7. Nc3 c6 8.
Be2 Be7 9. Nd4 Nf6 10. f4 Ng6 11. a4 a5 12. Qd3 O-O 13. Nf5 Re8 14. Rd1 Bxf5
15. exf5 Nf8 16. g4 d5 17. Bf3 Qb6+ 18. Be3 Bc5 19. Bxc5 Qxc5+ 20. Kg2 Re3 21.
Qd4 Qxd4 22. Rxd4 Rae8 23. g5 N6d7 24. Nd1 Re1 25. c4 dxc4 26. Rxc4 f6 27. Ra3
fxg5 28. fxg5 Ne5 29. Rd4 Nfd7 30. Re3 Rxe3 31. Nxe3 Nc5 32. Bd1 Ned3 33. Nc4
Rf8 34. Bg4 Re8 35. h4 Re4 36. Rxe4 Nxe4 37. b3 Ndc5 38. Bf3 Nc3 39. Nxa5 b6
40. Nc4 b5 41. axb5 cxb5 42. Nd2 Kf8 43. Kf2 Ke7 44. Ke3 Kd6 45. Kd4 Na2 46.
Ne4+ Nxe4 47. Bxe4 Nc1 48. Bc2 Ne2+ 49. Ke3 Nc1 50. h5 Ke5 51. f6 Ke6 52. fxg7
Kf7 53. h6 1-0

[Event "Quebec op"]
[Site "Montreal CAN"]
[Date "1996.07.30"]
[Round "5"]
[White "Levtchouk, George"]
[Black "Gravel, Simon M"]
[Result "1-0"]
[WhiteElo "2325"]
[BlackElo "2230"]
[PlyCount "69"]
[EventDate "1996.07.27"]
[EventType "swiss"]
[EventRounds "9"]
[EventCountry "CAN"]

1. d4 Nf6 2. c4 g6 3. Nc3 d5 4. Nf3 Bg7 5. Qb3 dxc4 6. Qxc4 O-O 7. e4 Na6 8. e5
Nd7 9. e6 fxe6 10. Be3 Kh8 11. h4 Nf6 12. Ne5 Bd7 13. Qb3 Rb8 14. g4 Be8 15.
Be2 Nd5 16. h5 gxh5 17. gxh5 Nc5 18. Qc4 Nxc3 19. Qxc3 Ne4 20. Qb3 Qd5 21. Qxd5
exd5 22. Bg4 Bxe5 23. dxe5 b6 24. Rg1 Rg8 25. f3 Nc5 26. e6 Rxg4 27. fxg4 Nxe6
28. O-O-O Rd8 29. Rgf1 Kg7 30. Rde1 c5 31. Bd2 Rd6 32. Re5 Bf7 33. Bh6+ Kg8 34.
Ref5 Nd8 35. Rg5+ 1-0

[Event "Quebec op"]
[Site "Montreal CAN"]
[Date "1996.07.30"]
[Round "5"]
[White "Soudre, Nicolas"]
[Black "Clement, Michel"]
[Result "0-1"]
[WhiteElo "1926"]
[BlackElo "1994"]
[PlyCount "108"]
[EventDate "1996.07.27"]
[EventType "swiss"]
[EventRounds "9"]
[EventCountry "CAN"]

1. e4 c5 2. Nc3 Nc6 3. f4 d6 4. Nf3 Nf6 5. Bb5 a6 6. Bxc6+ bxc6 7. d3 d5 8. e5
Ng8 9. O-O e6 10. Qe1 Ne7 11. Qh4 Nf5 12. Qh3 Nd4 13. Nxd4 cxd4 14. Ne2 c5 15.
g4 g6 16. Bd2 Bg7 17. b4 Qb6 18. Rae1 Bd7 19. Ng3 cxb4 20. f5 a5 21. Bh6 Bxh6
22. Qxh6 Qc5 23. fxg6 fxg6 24. Qg5 Qe7 25. Qf4 Ba4 26. Qxd4 Qa7 27. Qxa7 Rxa7
28. Rf6 Re7 29. Ne2 Kd7 30. Nd4 Rc8 31. Re2 Rc3 32. Rf8 Kc7 33. Ra8 Kb6 34. Rf2
Bc6 35. Rd8 Bd7 36. Rff8 Ra3 37. Rb8+ Kc7 38. Nb5+ Bxb5 39. Rxb5 Rxa2 40. Rfb8
Ra1+ 41. Kg2 Kc6 42. d4 Rc7 43. R5b6+ Kd7 44. Rd6+ Ke7 45. Rdd8 Rxc2+ 46. Kg3
g5 47. Re8+ Kf7 48. Rf8+ Kg7 49. Rf3 Rc3 50. Rb7+ Kg6 51. Rb6 Rxf3+ 52. Kxf3
Kf7 53. Rb7+ Ke8 54. Rxh7 b3 0-1

[Event "Quebec op"]
[Site "Montreal CAN"]
[Date "1996.07.30"]
[Round "5"]
[White "Vera, Reynaldo"]
[Black "Spraggett, Kevin"]
[Result "1/2-1/2"]
[WhiteElo "2495"]
[BlackElo "2584"]
[PlyCount "45"]
[EventDate "1996.07.27"]
[EventType "swiss"]
[EventRounds "9"]
[EventCountry "CAN"]

1. d4 f5 2. g3 Nf6 3. Bg2 e6 4. c4 Be7 5. Nf3 O-O 6. O-O Ne4 7. Qc2 d5 8. b3
Nc6 9. Bb2 a5 10. a3 Bf6 11. Rd1 Bd7 12. Nbd2 Be8 13. Ne5 Qe7 14. Ndf3 Rd8 15.
Ne1 g5 16. N1d3 Bg7 17. f3 Nd6 18. e3 a4 19. c5 Nf7 20. b4 Ncxe5 21. dxe5 h5
22. Bd4 Bb5 23. f4 1/2-1/2

[Event "Quebec op"]
[Site "Montreal CAN"]
[Date "1996.07.31"]
[Round "6"]
[White "Gravel, Simon M"]
[Black "Luksza, Arkadiusz"]
[Result "1-0"]
[WhiteElo "2230"]
[BlackElo "2120"]
[PlyCount "117"]
[EventDate "1996.07.27"]
[EventType "swiss"]
[EventRounds "9"]
[EventCountry "CAN"]

1. e4 c6 2. Nc3 g6 3. d4 Bg7 4. Bc4 d6 5. Qf3 Nf6 6. e5 dxe5 7. dxe5 Nd5 8.
Nxd5 cxd5 9. Bxd5 O-O 10. Bxb7 Bxb7 11. Qxb7 Nd7 12. Nf3 Nxe5 13. Nxe5 Qa5+ 14.
c3 Qxe5+ 15. Be3 Rfb8 16. Qc6 Rc8 17. Qd7 Rd8 18. Qg4 Qb5 19. Qe2 Rab8 20. Bc1
Qb7 21. O-O Rd5 22. Rd1 Re5 23. Qd3 Rh5 24. Bf4 e5 25. Bg3 e4 26. Qd7 Be5 27.
Bxe5 Rxe5 28. Qxb7 Rxb7 29. b3 f5 30. Rd4 Kf7 31. Rad1 Ke7 32. Kf1 Ra5 33. R1d2
Ra6 34. Ke2 h5 35. h4 Ke6 36. Ke3 Rc7 37. c4 Rc5 38. f3 exf3 39. gxf3 Re5+ 40.
Kf2 Ke7 41. f4 Ree6 42. c5 Ra5 43. Rc2 Rea6 44. a4 Rc6 45. Rd5 Re6 46. Rc4 Raa6
47. Rb4 Kf6 48. Rbd4 Ke7 49. Rd7+ Kf6 50. R7d6 Raxd6 51. cxd6 Re8 52. b4 Ke6
53. d7 Rd8 54. Ke3 Rxd7 55. Rxd7 Kxd7 56. b5 Kc7 57. a5 Kd7 58. Kd4 Kd6 59. Kc4
1-0

[Event "Quebec op"]
[Site "Montreal CAN"]
[Date "1996.07.30"]
[Round "6"]
[White "Taylor, Gordon"]
[Black "Leveille, Francois"]
[Result "1/2-1/2"]
[WhiteElo "2316"]
[BlackElo "2331"]
[PlyCount "69"]
[EventDate "1996.07.27"]
[EventType "swiss"]
[EventRounds "9"]
[EventCountry "CAN"]

1. d4 d5 2. c4 c6 3. Nf3 Nf6 4. Nc3 dxc4 5. a4 Bg4 6. Ne5 Bh5 7. h3 Na6 8. g4
Bg6 9. Bg2 Nb4 10. O-O Bc2 11. Qd2 Bb3 12. Ne4 Nc2 13. Nc5 Qxd4 14. Nxb7 Nd5
15. Qg5 f6 16. Qh5+ g6 17. Nxg6 hxg6 18. Qxh8 g5 19. Rb1 Bxa4 20. Bd2 Qxd2 21.
Rbd1 Qb4 22. Bxd5 cxd5 23. Rxd5 Kf7 24. Nd8+ Rxd8 25. Rxd8 Bg7 26. Qg8+ Kg6 27.
Rf8 Be8 28. Rxe8 Nd4 29. Rb8 Nxe2+ 30. Kh1 Qd6 31. Rf8 Qd3 32. Qf7+ Kh7 33.
Qh5+ Bh6 34. Qf7+ Bg7 35. Qh5+ 1/2-1/2

[Event "Quebec op"]
[Site "Montreal CAN"]
[Date "1996.08.01"]
[Round "7"]
[White "Boudy Bueno, Julio"]
[Black "Luksza, Arkadiusz"]
[Result "0-1"]
[WhiteElo "2280"]
[BlackElo "2120"]
[PlyCount "128"]
[EventDate "1996.07.27"]
[EventType "swiss"]
[EventRounds "9"]
[EventCountry "CAN"]

1. e4 c6 2. Nc3 g6 3. d4 Bg7 4. Nf3 d6 5. Be2 Nf6 6. O-O O-O 7. h3 h6 8. a4 Qc7
9. a5 e5 10. Re1 Nbd7 11. Bf1 Rd8 12. Be3 Nf8 13. Qd2 Kh7 14. g3 Bd7 15. Red1
Be8 16. Qe2 Ne6 17. Bg2 c5 18. dxe5 dxe5 19. Nd5 Nxd5 20. Rxd5 Bc6 21. Rxd8
Rxd8 22. Ne1 a6 23. c3 Rd7 24. h4 Bb5 25. Qc2 Rd6 26. Bh3 Bf8 27. f3 c4 28. Bb6
Qd7 29. Be3 Qc7 30. Qf2 Rc6 31. Nc2 Nc5 32. Nb4 Nd3 33. Nxd3 cxd3 34. Bf1 Bc5
35. Bxc5 Rxc5 36. Rd1 Rc6 37. Bxd3 Rd6 38. Bc2 Rxd1+ 39. Bxd1 Qxa5 40. Bb3 Kg7
41. Kg2 Qa1 42. f4 Bc6 43. Bd5 Bxd5 44. exd5 Qd1 45. fxe5 Qxd5+ 46. Qf3 Qb3 47.
Qe2 a5 48. Kf3 Qd5+ 49. Kf4 h5 50. Qf3 Qd2+ 51. Ke4 Qxb2 52. Qf6+ Kg8 53. Kd4
Qd2+ 54. Kc4 Qd7 55. Kb3 Qb5+ 56. Ka3 a4 57. Qd8+ Kh7 58. Qd1 Qxe5 59. Kxa4
Qxc3 60. Kb5 Qc6+ 61. Kb4 b5 62. Qf1 Qc4+ 63. Qxc4 bxc4 64. Kxc4 g5 0-1

[Event "Quebec op"]
[Site "Montreal CAN"]
[Date "1996.08.01"]
[Round "7"]
[White "Gravel, Simon M"]
[Black "Taylor, Gordon"]
[Result "0-1"]
[WhiteElo "2230"]
[BlackElo "2316"]
[PlyCount "144"]
[EventDate "1996.07.27"]
[EventType "swiss"]
[EventRounds "9"]
[EventCountry "CAN"]

1. e4 c5 2. Nf3 Nc6 3. Nc3 g6 4. d4 cxd4 5. Nxd4 Bg7 6. Be3 Nf6 7. Bc4 Qa5 8.
O-O O-O 9. Bb3 d6 10. h3 Bd7 11. f4 Nxd4 12. Bxd4 Bc6 13. Qd3 Rad8 14. f5 Nd7
15. Bxg7 Kxg7 16. Rad1 Qe5 17. Qe3 Qc5 18. Qxc5 Nxc5 19. fxg6 hxg6 20. e5 Nxb3
21. exd6 e5 22. axb3 Rd7 23. Rd2 Rfd8 24. Rfd1 Kf6 25. b4 a6 26. g4 Ke6 27. Kf2
f5 28. h4 Rh8 29. h5 gxh5 30. gxf5+ Kxf5 31. Nd5 Bxd5 32. Rxd5 b5 33. Rc5 Rhd8
34. Rc6 Ke6 35. Rxa6 Rxd6 36. Rda1 Rxa6 37. Rxa6+ Rd6 38. Ra5 Rd2+ 39. Ke3 Rxc2
40. Rxb5 Rxb2 41. Rb8 h4 42. b5 h3 43. b6 Kd5 44. Rd8+ Ke6 45. Rb8 Rb3+ 46. Ke4
Rb4+ 47. Kf3 Rh4 48. Re8+ Kd7 49. b7 h2 50. Rd8+ Kc6 51. b8=N+ Kc7 52. Rd1 Kxb8
53. Kg2 Kc7 54. Kh1 Kc6 55. Rd8 Kc5 56. Rd7 Kc4 57. Ra7 Kd5 58. Ra5+ Ke6 59.
Ra8 Kf5 60. Ra5 Kf4 61. Ra3 e4 62. Rf3+ Ke5 63. Rc3 Rg4 64. Kxh2 Kf4 65. Kh1
Rg5 66. Rc8 Kf3 67. Rc2 e3 68. Rg2 Rd5 69. Rg8 Rd1+ 70. Kh2 e2 71. Rf8+ Kg4 72.
Rg8+ Kh5 0-1

[Event "Quebec op"]
[Site "Montreal CAN"]
[Date "1996.08.01"]
[Round "7"]
[White "Vera, Reynaldo"]
[Black "Mikanovic, Goran"]
[Result "1-0"]
[WhiteElo "2495"]
[BlackElo "2332"]
[PlyCount "81"]
[EventDate "1996.07.27"]
[EventType "swiss"]
[EventRounds "9"]
[EventCountry "CAN"]

1. d4 Nf6 2. Nf3 e6 3. g3 b6 4. Bg2 Bb7 5. c4 Be7 6. O-O O-O 7. Nc3 Ne4 8. Bd2
f5 9. d5 Bf6 10. Rc1 Na6 11. Be1 Nac5 12. Nd4 Qe7 13. b3 a5 14. e3 c6 15. dxc6
dxc6 16. Qc2 Rfe8 17. f3 Nxc3 18. Bxc3 g6 19. f4 Rac8 20. Rfe1 e5 21. Nf3 e4
22. Bxf6 Qxf6 23. Ne5 Rcd8 24. Rcd1 Re6 25. Bf1 Red6 26. Be2 Qe7 27. Kf2 Rxd1
28. Rxd1 Rd6 29. a3 Nd7 30. Rxd6 Qxd6 31. Nxd7 Qxd7 32. c5 bxc5 33. Qc3 h5 34.
Qxa5 Qd6 35. Qa7 Bc8 36. Qa8 Qd7 37. a4 Kf7 38. a5 Bb7 39. Qa7 Ke6 40. a6 Bc8
41. Qxd7+ 1-0

[Event "Quebec op"]
[Site "Montreal CAN"]
[Date "1996.08.02"]
[Round "8"]
[White "Hua, Lefong"]
[Black "Gardner, Robert"]
[Result "1-0"]
[WhiteElo "2075"]
[BlackElo "2138"]
[PlyCount "91"]
[EventDate "1996.07.27"]
[EventType "swiss"]
[EventRounds "9"]
[EventCountry "CAN"]

1. d4 Nf6 2. c4 c5 3. d5 b5 4. cxb5 a6 5. e3 axb5 6. Bxb5 Qa5+ 7. Nc3 Bb7 8.
Nge2 Nxd5 9. O-O Nxc3 10. Nxc3 e6 11. e4 Bxe4 12. Bxd7+ Nxd7 13. Nxe4 Qa4 14.
Nd6+ Bxd6 15. Qxd6 Qd4 16. Bf4 e5 17. Qc6 O-O 18. Be3 Qa4 19. Qxa4 Rxa4 20.
Rfd1 Ra7 21. Rd5 Rc8 22. Rad1 Rcc7 23. Rxc5 Rxc5 24. Bxc5 Rc7 25. Bd6 Rc8 26.
a4 Nb6 27. b3 Rd8 28. Rd2 Nc8 29. Bb4 Rxd2 30. Bxd2 Kf8 31. Bb4+ Ke8 32. Bc5
Kd7 33. b4 Kc6 34. Kf1 f5 35. Ke2 g5 36. f3 Kd5 37. Kd3 h5 38. h3 h4 39. a5 Kc6
40. Kc4 Nd6+ 41. Bxd6 Kxd6 42. a6 Kc6 43. b5+ Kb6 44. Kd5 e4 45. fxe4 f4 46.
Ke5 1-0

[Event "Quebec op"]
[Site "Montreal CAN"]
[Date "1996.08.02"]
[Round "8"]
[White "Luksza, Arkadiusz"]
[Black "Leveille, Francois"]
[Result "0-1"]
[WhiteElo "2120"]
[BlackElo "2331"]
[PlyCount "80"]
[EventDate "1996.07.27"]
[EventType "swiss"]
[EventRounds "9"]
[EventCountry "CAN"]

1. d4 d5 2. Nf3 c5 3. g3 cxd4 4. Nxd4 e5 5. Nb3 a5 6. a4 Nc6 7. Bg2 Be6 8. O-O
Qd7 9. Na3 h6 10. Nb5 Nf6 11. c3 Be7 12. Be3 O-O 13. Nc5 Bxc5 14. Bxc5 Rfd8 15.
Bb6 Rdc8 16. Qd2 Bh3 17. Rfd1 Bxg2 18. Kxg2 Ne7 19. f3 Ra6 20. Bf2 Nh7 21. e4
Ng5 22. Qe2 Qh3+ 23. Kh1 Rf6 24. Rd3 dxe4 25. fxe4 Nxe4 26. Bg1 Ng5 27. Nd6
Rxd6 28. Rxd6 Nf5 29. Qxe5 Nxd6 30. Qxd6 Qf5 31. Qd2 Re8 32. Qg2 Qd3 33. Rf1
Re2 34. Qxb7 Rxh2+ 35. Kxh2 Qxf1 36. Qg2 Nf3+ 37. Kh1 Qd1 38. Qf2 g6 39. Kg2
Ne1+ 40. Kh1 Qd5+ 0-1

[Event "Quebec op"]
[Site "Montreal CAN"]
[Date "1996.08.02"]
[Round "8"]
[White "Moisan-Plante, Marc-Olivier"]
[Black "Ross, Dave"]
[Result "0-1"]
[WhiteElo "2105"]
[BlackElo "2323"]
[PlyCount "80"]
[EventDate "1996.07.27"]
[EventType "swiss"]
[EventRounds "9"]
[EventCountry "CAN"]

1. e4 e6 2. d4 c5 3. d5 exd5 4. exd5 d6 5. c4 Nf6 6. Nc3 Be7 7. Bd3 O-O 8. Nge2
Nbd7 9. Ng3 Re8 10. O-O Ne5 11. h3 Bf8 12. Bg5 h6 13. Be3 a6 14. Be2 Rb8 15. a3
b6 16. Qd2 Rb7 17. Rfd1 Rbe7 18. b4 Bd7 19. Qc2 Ng6 20. Rab1 Re5 21. Qb2 h5 22.
bxc5 bxc5 23. Qd2 Rxe3 24. fxe3 Ne5 25. Rf1 g6 26. Nge4 Nxe4 27. Nxe4 Bf5 28.
Rxf5 gxf5 29. Ng3 Qg5 30. Nxh5 Nxc4 31. Qc3 Ne5 32. Rf1 Bg7 33. Nxg7 Kxg7 34.
Bxa6 f6 35. a4 Ng6 36. Rb1 Rxe3 37. Qb2 Rxh3 38. Re1 Ne5 39. Qf2 Nf3+ 40. Kf1
Rh1+ 0-1